000 00471nmm a2200145Ia 4500
008 251105s9999||||xx |||||||||||||||||und||
041 _aspa
100 _aValls, Coia
245 0 _aLas torres del cielo :
_b La novela sobre los 12 monjes que fundaron Montserrat en el siglo XI
264 _a[Madrid, España] :
_bEdiciones B,
_c2014
300 _a464 páginas
650 _aHistorical fiction
856 _uhttps://public.digitaliapublishing.com/a/53952
942 _cCF
999 _c104897
_d104897